| 000 | 00353pam a2200157a 44500 | ||
|---|---|---|---|
| 008 | 230515b2001 xxu||||| |||| 00| 0 eng d | ||
| 020 | _aNULL | ||
| 041 | _aENGLISH | ||
| 082 | _aN.D. | ||
| 100 | _aHougen /Watson | ||
| 245 | _aChemical Process Prin. Part - ll | ||
| 250 | _a0 | ||
| 260 |
_aNULL _bCBS Pub. _c2001 |
||
| 300 | _a1071 | ||
| 650 | _aNULL | ||
| 999 |
_c584656 _d584656 |
||